00258nam a2200097Ia 4500082001300000245003100013100004900044942000700093008004100100999001900141 aAKF NAID 0aDie reenboog na die storm  a Naidoo, Ansu Centurion, 2010 928513 cBK210817s9999 xx 000 0 und d c421262d421261